Quizzes
Events
Quiz Creation
Community
Videos
Private Events
Remove Ads
Sign In
Join for FREE
Feedback
Dark Mode
Quiz Categories
Sports
Geography
Music
Movies
Television
Just For Fun
Miscellaneous
History
Literature
Language
Science
Gaming
Entertainment
Religion
Holiday
For Kids
Quiz Lab
Recent
Popular Today
Quiz Kudos Today
Editor Picks
Curator Picks
Quizzes by...
Day
Popularity
Type
Ratings
Length
Year
Community
Subscriptions
Recent Discussions
Orange Saloon
Badges
Playlists
Quests
Create
Leaderboards
Showdown
Live 5
Trivia Bingo
Activity
Puzzle Library
Sporcle Events
Private Events
Virtual Trivia
Globe League
Become a Host
Pub Owners
SporcleCon
Opinionation
Our Games
Videos
Blog
Mobile Apps
Partnerships
Remove Ads and Go Orange
Feedback
Television
TV Characters
TV Show
Sitcom
Network
Friends
Reality Shows
Cast
South Park
Star Trek
The Simpsons
Doctor Who
Television
TV Characters
TV Show
Sitcom
Network
Friends
Reality Shows
Cast
South Park
Star Trek
The Simpsons
Doctor Who
Random Quiz
Search Sporcle
×
Quiz Lab
Quiz Lab
Television
Kamen Rider Series
Type in answers that appear in a list
Type in answers that appear in a list
Classic
Best Score? Go Orange.
Kamen Rider Blade Rouze Cards Stats
Can you name the Kamen Rider Blade Rouze Cards?
By
naruxhina4799
10m
61 Questions
605 Plays
605 Plays
605 Plays
Comments
Comments
Give Quiz Kudos
Give Quiz Kudos
-
- Ratings
hide this ad
Replay
Link that replays current quiz
Next Quiz
Link to next quiz in quiz playlist
You Got
0%
They Got
Avg Score
53%
Avg Friend Score
Upgrade to see
Score Distribution
Jump to the score distribution portion of the page
Score
0/61
Timer
10:00
0
Plays Today
Rider/Suit/Number
Card Name
% Correct
Blade/
Spade/
Ace
Change Beetle
89.9%
Garren/
Diamond/
Ace
Change Stag
84.5%
Chalice/
Heart/
Ace
Change Mantis
84.1%
Blade/
Spade/
6
Thunder Deer
66.8%
Blade/
Spade/
2
Slash Lizard
66.3%
Blade/
Spade/
3
Beat Lion
62%
Chalice/
Heart/
2
Spirit
61.5%
Blade/
Spade/
Jack
Fusion Eagle
60%
Garren/
Diamond/
6
Fire Fly
59.5%
Garren/
Diamond/
Jack
Fusion Peacock
59.3%
Blade/
Spade/
9
Mach Jaguar
58.8%
Blade/
Spade/
5
Kick Locust
58.7%
Blade/
Spade/
4
Tackle Boar
58.3%
Garren/
Diamond/
9
Gemini Zebra
58.2%
Garren/
Diamond/
5
Drop Whale
57.5%
Chalice/
Heart/
6
Tornado Hawk
57.2%
Leangle/
Club/
6
Blizzard Polar
57%
Chalice/
Heart/
Jack
Fusion Wolf
56.7%
Chalice/
???/
Black
Joker
56.5%
Blade/
Spade/
Queen
Absorb Capricorn
56.4%
Garren/
Diamond/
2
Bullet Armadillo
56%
Leangle/
Club/
Queen
Absorb Tiger
55.9%
Leangle/
Club/
Jack
Fusion Elephant
55.7%
Blade/
Spade/
10
Time Scarab
55.2%
Leangle/
Club/
2
Stab Bee
54.5%
Chalice/
Heart/
4
Float Dragonfly
53.7%
Leangle/
Club/
King
Evolution Tarantula
53.7%
Blade/
Spade/
7
Metal Trilobite
52.7%
Chalice/
Heart/
5
Drill Shell
52.1%
Glaive/
L'arc/
Lance/
Ace
Mighty
52.1%
Garren/
Diamond/
4
Rapid Pecker
51.9%
Rider/Suit/Number
Card Name
% Correct
Chalice/
Heart/
King
Evolution Paradoxa
51.9%
Chalice/
???/
???
Wild
51.9%
Garren/
Diamond/
Queen
Absorb Serpent
51.6%
Garren/
Diamond/
3
Upper Frog
51.4%
Leangle/
Club/
5
Bite Cobra
51.4%
Chalice/
Heart/
Queen
Absorb Orchid
51.4%
Blade/
Spade/
8
Magnet Buffalo
51.1%
Chalice/
Heart/
7
Bio Plant
50.9%
Garren/
Diamond/
7
Rock Tortoise
50.6%
Leangle/
Club/
10
Remote Tapir
50.2%
Garren/
Diamond/
King
Evolution Giraffa
50.1%
Chalice/
Heart/
10
Shuffle Centipede
49.9%
Chalice/
Heart/
3
Chop Head
49.6%
Garren/
Diamond/
8
Scope Bat
49.3%
Leangle/
Club/
8
Poison Scorpion
48.8%
Glaive/
???/
White
Albino Joker
48.6%
Leangle/
Club/
3
Screw Mole
48.4%
Chalice/
Heart/
9
Recover Camel
48.1%
Leangle/
Club/
7
Gel Jellyfish
47.9%
Garren/
Diamond/
10
Thief Chameleon
47.9%
Leangle/
Club/
4
Rush Rhinoceros
47.6%
Leangle/
Club/
Ace
Change Spider (Proper Seal)
47.1%
Leangle/
Club/
9
Smog Squid
46.6%
Chalice/
Heart/
8
Reflect Moth
46.3%
Leangle/
Club/
Ace
Change Spider (Improper Seal)
46%
Glaive/
???/
14
Jashin 14
41.3%
Glaive/
L'arc/
Lance/
Ace
Change Keberos
40.5%
Blade/
Spade/
King
Evolution Causasus
36.7%
Glaive/
???/
???
Vanity Card (Human Sacrifice)
35.9%
Glaive/
???/
???
Vanity Card (Blank)
31.9%
Quiz Playlist
Details
Report
Send in Message
Add To Playlist
Classic:
Type in answers that appear in a list
Last Updated: Feb 16, 2017
Quiz Scoreboard
CHALLENGE
Sign Up to Join the Scoreboard
Show All
Scores
Hide
Comments
May contain spoilers
Recently Published
An Introduction to Baseball
by treessimontrees
Sports
5m
Movies - When Are They Set?
by FPL_Elf
Movies
5m
Popular People in 1961
by mucciniale
History
6m
More to Explore
Quiz From the Vault
Featured Blog Post
Where Did the Easter Bunny Come From?
hide this ad
You Might Also Like...
Tags
Kamen Rider Series
Today's Top Quizzes in Television
Browse Television
hide this ad
Top Contributed Quizzes in Television
1
One Piece Logic Puzzle
2
5-to-1: The Simpsons Families
3
Survivor Logic Puzzle: Heroes vs. Villains
4
5-to-1: Television Doctors
5
7-to-1: TV Show Settings
6
Survivor Seasons
7
5-to-1: Streaming Originals
8
Survivor Season by Logo
9
One Thing in Common: Television
10
TV Shows by First Names
Explore More
Trending Topics
Crossword
Disney
Kpop
Harry Potter
Anime
NBA
Marvel
NFL
Soccer
The Office
Pokémon
Song
WWE
Country
Puzzle
hide this ad
More By:
naruxhina4799
Quiz
Plays
Rating
Category
Featured
Created
Kamen Rider OOO Name the Medals and Forms
2,900
1.75
Television
Jan 19, 2014
Kamen Rider Build Best Match Bottles
1,119
5.00
Television
Mar 22, 2018
Kamen Rider Heisai Riders All forms
1,044
1.00
Television
Mar 6, 2014
Name the Shift Cars and Signal Bike (Kamen Rider Drive)
905
1.00
Television
Nov 9, 2014
Name the Drivers from Kamen Rider
831
2.50
Television
Oct 10, 2014
Go to Creator's Profile
Score Distribution
Quiz Creator Spotlight
naruxhina4799
Follow
Send a Message
Quizzes Created
-
Created Quiz Play Count
-
More By This Creator
Popular Quizzes Today
1
Find the Countries of Europe - No Outlines Minefield
2
Find the US States - No Outlines Minefield
3
The Countries of the World
4
Popular People in 1961
5
Find the US States
6
US States
7
1-10 Letter E Words III
8
Risky Map Clicking: Biggest States A-Z
More Television Quizzes
TV Shows in PJs
Published
Trending Quizzes
Risky Map Clicking: Least Populous States A-Z
1-10 Letter F Words
1-10 Letter G Words
One Thing in Common: United Kingdom
Risky Map Clicking: Next State Alphabetically
Recently Updated
Leaping Animals
pecheneg
Reality TV Shows (A-Z)
bhenderson79
Rickey Henderson's Hall of Fame Teammates
pecheneg
Champions League XIs: Arsenal
pecheneg
Quick Pick: Celebrities in WWE's Hall of Fame
aduchscher
A-Z Keypad Blitz II
pecheneg
Multiple Oscar Actors
pecheneg
Mystery Phrase Blitz: Oscar 'Best Actors'
pecheneg
F. Scott Fitzgerald Novels
LTH
Pick 3 Villains
ddd62291
Trending Topics
Anime
Marvel
NBA
Harry Potter
Crossword
Kpop
Disney
WWE
Puzzle
Country
Song
NFL
The Office
Soccer
Pokémon
Your Account Isn't Verified!
In order to create a playlist on Sporcle, you need to verify the email address you used during registration. Go to your
Sporcle Settings
to finish the process.
Report this User
Report this user for behavior that violates our
Community Guidelines
.
Details:
Send Report
Go to the Sporcle.com Mobile Site →
Comments